Welcome to the Holygrace Academy Library

Please use search bar below to get started

ENGLISH CONVERSATION PRACTICE (Record no. 3926)

MARC details
000 -LEADER
fixed length control field 00296nam a22001217a 4500
082 ## - DEWEY DECIMAL CLASSIFICATION NUMBER
Classification number 425
Item number TAY/E
100 ## - MAIN ENTRY--AUTHOR NAME
Personal name TAYLOR,GRANT
245 ## - TITLE STATEMENT
Title ENGLISH CONVERSATION PRACTICE
260 ## - PUBLICATION, DISTRIBUTION, ETC. (IMPRINT)
Place of publication NEW YORK
Name of publisher MC GRAW HILL EDUCATION
Year of publication 1975
300 ## - PHYSICAL DESCRIPTION
Number of Pages 301
650 ## - SUBJECT ADDED ENTRY--TOPICAL TERM
Topical Term CONVERATION PRACTICE
Geographic subdivision NEW YORK
942 ## - ADDED ENTRY ELEMENTS (KOHA)
Koha item type Books
Holdings
Withdrawn status Lost status Collection code Home library Current library Shelving location Date acquired Source of acquisition Full call number Accession Number Koha item type
    Reference Main Library Main Library SHELF-16D -ENGLISH GRAMMAR ,POEMS 16/10/2023 PURCHASE 425 TAY/E 10260 Books